000
00366nam a2200145Ia 4500
008
100122s9999 xx 000 0 und d
082
_b
13220
_a
823
100
_a
मधुकर
245
_a
रिंगण
260
_b
मेनका प्रकाशन
_c
1965
300
_a
176
630
_a
रिंगण
730
_a
रिंगण
942
_c
BOOK
999
_c
404082
_d
404079